000 00665nam a2200253Ia 4500
003 OSt
005 20220918192247.0
006 a|||||r|||| 00| 0
007 ta
008 220917b |||||||| |||| 00| 0 eng d
024 _a67,704
037 _cTextual
040 _aARTS
_cARTS
_beng
041 _2eng
_aeng
082 _aR3xM44:g, M3
100 _aSchacht Richard
_975751
245 0 _aNietzche
260 _aLondon
_bRoutledge and Kegan Paul
_c1983
300 _axxii,546p.
_ccm.
490 _aArguments of the philosophers
500 _aBib 536-40p
942 _hR3xM44:g, M3
_cTEXL
_2CC
999 _c193937
_d193937